| 000 | 00432nam a22001337a 4500 | ||
|---|---|---|---|
| 008 | 131220b xxu||||| |||| 00| 0 eng d | ||
| 050 | _aBS1435.P974 | ||
| 100 |
_aChurch of England _96337 |
||
| 245 |
_aPsalmi selecti _bcum canticulis _cChurch of England |
||
| 260 |
_aLondon _bNovello _c1934 |
||
| 300 |
_a153p.; _c18cm |
||
| 650 |
_aBible O.T. _x Psalms _xEnglish _x Church of England _xLiturgy - Chants _96338 |
||
| 942 |
_2lcc _cMONOGRAPH |
||
| 999 |
_c119456 _d119456 |
||